Statistiques concernant TOTS LIGUE 1 FIFA 22

Cliquez ici pour prendre le quiz!

Statistiques générales

  • Ce quiz a été pris 220 fois
  • Le résultat moyen est 11 sur 15

Statistiques - réponses

PosteNoteRéponse% Correct
BU97Mbappé
98%
AG96Neymar
95%
AD97Messi
94%
DC95Marquinhos
88%
DLD90Clauss
80%
BU95Ben Yedder
76%
DG93Mendes
75%
GB94Lafont
69%
AT93Payet
66%
AG92Terrier
65%
DC91Saliba
61%
MC91Guendouzi
59%
MC92Fofana
58%
MOC94Paqueta
49%
MDC94Tchouaméni
43%

Distribution des résultats

Percentile par nombre de réponses

% des personnes avec chaque résultat

Votre développement - résultats

Vous n’avez pas pris ce quiz